|
|
|
|
| LEADER |
00000nam2a2200000 4500 |
| 001 |
231794 |
| 005 |
20231101231120.0 |
| 035 |
|
|
|a (RuTPU)RU\TPU\book\252820
|
| 090 |
|
|
|a 231794
|
| 100 |
|
|
|a 20130206d1949 k y0rusy50 ca
|
| 101 |
0 |
|
|a rus
|
| 102 |
|
|
|a RU
|
| 105 |
|
|
|a a z 001zy
|
| 200 |
0 |
|
|a Том 4: Формирование подземных вод северо-востока Русской платформы и западного склона Урала
|f А. И. Силин-Бекчурин
|
| 210 |
|
|
|d 1949
|
| 215 |
|
|
|a 160 с.
|c ил.
|
| 317 |
|
|
|5 63413507: КР-921
|a Поступила в НТБ в 2004 г. в составе книжного собрания профессора ТПИ К. В. Радугина
|
| 320 |
|
|
|a Библиогр.: с. 153-157
|
| 461 |
|
1 |
|0 (RuTPU)RU\TPU\book\254855
|t Труды лаборатории гидрогеологических проблем
|f Академия наук СССР (АН СССР), Отделение геолого-географических наук, Лаборатория гидрогеологических проблем им. Ф. П. Саваренского
|v Том 4: Формирование подземных вод северо-востока Русской платформы и западного склона Урала
|d 1948-1962
|
| 606 |
1 |
|
|a Гидрогеология
|2 stltpush
|3 (RuTPU)RU\TPU\subj\38647
|9 59032
|
| 610 |
1 |
|
|a геологическое строение
|
| 610 |
1 |
|
|a характеристика
|
| 610 |
1 |
|
|a стратиграфия
|
| 610 |
1 |
|
|a фации
|
| 610 |
1 |
|
|a тектоника
|
| 610 |
1 |
|
|a структурные комплексы
|
| 610 |
1 |
|
|a гидрогеологические условия
|
| 610 |
1 |
|
|a Урал
|
| 610 |
1 |
|
|a подземные воды
|
| 610 |
1 |
|
|a палеозой
|
| 610 |
1 |
|
|a стоки
|
| 610 |
1 |
|
|a библиотека К. В. Радугина
|
| 675 |
|
|
|a 556.3
|v 4
|
| 700 |
|
1 |
|a Силин-Бекчурин
|b А. И.
|
| 801 |
|
1 |
|a RU
|b 63413507
|c 20130206
|
| 801 |
|
2 |
|a RU
|b 63413507
|c 20171129
|g RCR
|
| 942 |
|
|
|c BK
|